<?xml version="1.0" encoding="UTF-8"?>
<collection xmlns="http://www.loc.gov/MARC21/slim">
 <record>
  <leader>01785aam a22002658a 4500</leader>
  <controlfield tag="001">NCT_10833</controlfield>
  <controlfield tag="008">050118s2005                  ||||||viesd</controlfield>
  <datafield tag="999" ind1=" " ind2=" ">
   <subfield code="c">521</subfield>
   <subfield code="d">521</subfield>
  </datafield>
  <datafield tag="020" ind1=" " ind2=" ">
   <subfield code="c">73000</subfield>
  </datafield>
  <datafield tag="082" ind1="0" ind2="4">
   <subfield code="2">23rd ed.</subfield>
   <subfield code="a">615.7</subfield>
   <subfield code="b">D550/T.2</subfield>
  </datafield>
  <datafield tag="100" ind1="1" ind2=" ">
   <subfield code="a">Nguyễn Thị Dụ</subfield>
  </datafield>
  <datafield tag="245" ind1="1" ind2="0">
   <subfield code="a">Tư vấn chẩn đoán và xử trí nhanh ngộ độc cấp</subfield>
   <subfield code="n">Tập 2</subfield>
   <subfield code="c">Nguyễn Thị Dụ (chủ biên)</subfield>
  </datafield>
  <datafield tag="260" ind1=" " ind2=" ">
   <subfield code="a">H.</subfield>
   <subfield code="b">Y học</subfield>
   <subfield code="c">2004</subfield>
  </datafield>
  <datafield tag="300" ind1=" " ind2=" ">
   <subfield code="a">695tr.</subfield>
   <subfield code="b">hình vẽ</subfield>
   <subfield code="c">21cm</subfield>
  </datafield>
  <datafield tag="520" ind1="3" ind2=" ">
   <subfield code="a">Trình bày một số kiến thức đại cương, chẩn đoán, phương pháp điều trị và chăm sóc, theo dõi bệnh nhân ngộ độc do hoá chất, lạm dụng thuốc và dùng thuốc qua liều như: Disulfiram, Edrophonium, Ephedrine...</subfield>
  </datafield>
  <datafield tag="700" ind1="1" ind2=" ">
   <subfield code="a">Bế Hồng Thu</subfield>
  </datafield>
  <datafield tag="700" ind1="1" ind2=" ">
   <subfield code="a">Nguyễn Kim Sơn</subfield>
  </datafield>
  <datafield tag="700" ind1="1" ind2=" ">
   <subfield code="a">Phạm Duệ</subfield>
  </datafield>
  <datafield tag="942" ind1=" " ind2=" ">
   <subfield code="2">ddc</subfield>
   <subfield code="c">BK</subfield>
  </datafield>
  <datafield tag="952" ind1=" " ind2=" ">
   <subfield code="0">0</subfield>
   <subfield code="1">0</subfield>
   <subfield code="2">ddc</subfield>
   <subfield code="4">0</subfield>
   <subfield code="6">615_700000000000000_D550_T_2</subfield>
   <subfield code="7">0</subfield>
   <subfield code="9">3358</subfield>
   <subfield code="a">000001</subfield>
   <subfield code="b">000001</subfield>
   <subfield code="d">2017-11-11</subfield>
   <subfield code="o">615.7 D550/T.2</subfield>
   <subfield code="p">MD.05877</subfield>
   <subfield code="r">2017-11-11</subfield>
   <subfield code="v">73000.00</subfield>
   <subfield code="w">2017-11-11</subfield>
   <subfield code="y">BK</subfield>
  </datafield>
  <datafield tag="952" ind1=" " ind2=" ">
   <subfield code="0">0</subfield>
   <subfield code="1">0</subfield>
   <subfield code="2">ddc</subfield>
   <subfield code="4">0</subfield>
   <subfield code="6">615_700000000000000_D550_T_2</subfield>
   <subfield code="7">0</subfield>
   <subfield code="9">3359</subfield>
   <subfield code="a">000001</subfield>
   <subfield code="b">000001</subfield>
   <subfield code="d">2017-11-11</subfield>
   <subfield code="o">615.7 D550/T.2</subfield>
   <subfield code="p">MD.05878</subfield>
   <subfield code="r">2017-11-11</subfield>
   <subfield code="v">73000.00</subfield>
   <subfield code="w">2017-11-11</subfield>
   <subfield code="y">BK</subfield>
  </datafield>
  <datafield tag="952" ind1=" " ind2=" ">
   <subfield code="0">0</subfield>
   <subfield code="1">0</subfield>
   <subfield code="2">ddc</subfield>
   <subfield code="4">0</subfield>
   <subfield code="6">615_700000000000000_D550_T_2</subfield>
   <subfield code="7">0</subfield>
   <subfield code="9">3360</subfield>
   <subfield code="a">000001</subfield>
   <subfield code="b">000001</subfield>
   <subfield code="d">2017-11-11</subfield>
   <subfield code="o">615.7 D550/T.2</subfield>
   <subfield code="p">MD.05879</subfield>
   <subfield code="r">2017-11-11</subfield>
   <subfield code="v">73000.00</subfield>
   <subfield code="w">2017-11-11</subfield>
   <subfield code="y">BK</subfield>
  </datafield>
  <datafield tag="952" ind1=" " ind2=" ">
   <subfield code="0">0</subfield>
   <subfield code="1">0</subfield>
   <subfield code="2">ddc</subfield>
   <subfield code="4">0</subfield>
   <subfield code="6">615_700000000000000_D550_T_2</subfield>
   <subfield code="7">0</subfield>
   <subfield code="9">3361</subfield>
   <subfield code="a">000001</subfield>
   <subfield code="b">000001</subfield>
   <subfield code="d">2017-11-11</subfield>
   <subfield code="l">1</subfield>
   <subfield code="o">615.7 D550/T.2</subfield>
   <subfield code="p">MD.05880</subfield>
   <subfield code="r">2021-01-26</subfield>
   <subfield code="s">2021-01-19</subfield>
   <subfield code="v">73000.00</subfield>
   <subfield code="w">2017-11-11</subfield>
   <subfield code="y">BK</subfield>
  </datafield>
  <datafield tag="952" ind1=" " ind2=" ">
   <subfield code="0">0</subfield>
   <subfield code="1">0</subfield>
   <subfield code="2">ddc</subfield>
   <subfield code="4">0</subfield>
   <subfield code="6">615_700000000000000_D550_T_2</subfield>
   <subfield code="7">0</subfield>
   <subfield code="9">14955</subfield>
   <subfield code="a">000001</subfield>
   <subfield code="b">000001</subfield>
   <subfield code="d">2019-01-04</subfield>
   <subfield code="o">615.7 D550/T.2</subfield>
   <subfield code="p">MD.14110</subfield>
   <subfield code="r">2019-01-04</subfield>
   <subfield code="v">73000.00</subfield>
   <subfield code="w">2019-01-04</subfield>
   <subfield code="y">BK</subfield>
  </datafield>
  <datafield tag="980" ind1=" " ind2=" ">
   <subfield code="a">Thư viện Trường Đại học Nam Cần Thơ</subfield>
  </datafield>
 </record>
</collection>
